| 000 | 01523nam a22002417a 4500 | ||
|---|---|---|---|
| 999 |
_c6559 _d6559 |
||
| 005 | 20251125232808.0 | ||
| 008 | s2517 th tha d | ||
| 040 | _aNALT | ||
| 041 | _atha | ||
| 050 | _aDS582 ฉ9 | ||
| 245 | 1 | 0 | _aโฉมหน้าประวัติศาสตร์ชุดราชสำนักสยาม ประมวลพระบรมฉายาลักษณ์พระมหากษัตริย์ไทยพร้อมด้วยภาพพระบรมวงศานุวงศ์ และเจ้านายชั้นผู้ใหญ่ในสมัยรัชกาลที่ 4 - 5 - 6 - 7 พร้อมด้วยพระประวัติและภาพในราชสำนักแห่งกรุงสยาม |
| 260 | 3 |
_aกรุงเทพฯ : _bสยาม, _c2517 |
|
| 300 |
_a1 เล่ม : _b ภาพประกอบ ; _c 26x29 ซม. |
||
| 650 | 0 | 4 | _aราชวงศ์จักรี |
| 650 | 0 | 4 | _aราชสกุล |
| 650 | 0 | 4 | _aราชสำนักสยาม |
| 650 | 0 | 4 | _aราชสำนักและข้าราชสำนัก |
| 650 | 0 | 4 | _aราชสำนักและข้าราชสำนัก -- ภาพ |
| 650 | 0 | 4 | _aไทย -- ประวัติศาสตร์ -- กรุงรัตนโกสินทร์ยุคหลัง, 2394--2475 |
| 850 | _aNALT | ||
| 856 | 4 | 0 |
_uhttps://hdl.handle.net/20.500.14156/401633 _71 |
| 942 |
_cGB _2lcc |
||